|
|
|
|
| LEADER |
03087nam a22005655i 4500 |
| 001 |
978-3-540-31483-7 |
| 003 |
DE-He213 |
| 005 |
20151204190741.0 |
| 007 |
cr nn 008mamaa |
| 008 |
101108s2005 gw | s |||| 0|eng d |
| 020 |
|
|
|a 9783540314837
|9 978-3-540-31483-7
|
| 024 |
7 |
|
|a 10.1007/11580850
|2 doi
|
| 040 |
|
|
|d GrThAP
|
| 050 |
|
4 |
|a QA76.758
|
| 072 |
|
7 |
|a UMZ
|2 bicssc
|
| 072 |
|
7 |
|a UL
|2 bicssc
|
| 072 |
|
7 |
|a COM051230
|2 bisacsh
|
| 082 |
0 |
4 |
|a 005.1
|2 23
|
| 245 |
1 |
0 |
|a Trustworthy Global Computing
|h [electronic resource] :
|b International Symposium, TGC 2005, Edinburgh, UK, April 7-9, 2005. Revised Selected Papers /
|c edited by Rocco De Nicola, Davide Sangiorgi.
|
| 264 |
|
1 |
|a Berlin, Heidelberg :
|b Springer Berlin Heidelberg,
|c 2005.
|
| 300 |
|
|
|a VIII, 371 p.
|b online resource.
|
| 336 |
|
|
|a text
|b txt
|2 rdacontent
|
| 337 |
|
|
|a computer
|b c
|2 rdamedia
|
| 338 |
|
|
|a online resource
|b cr
|2 rdacarrier
|
| 347 |
|
|
|a text file
|b PDF
|2 rda
|
| 490 |
1 |
|
|a Lecture Notes in Computer Science,
|x 0302-9743 ;
|v 3705
|
| 505 |
0 |
|
|a Harmony: The Art of Reconciliation -- A Theory of Noninterference for the ?-Calculus -- Typed Processes in Untyped Contexts -- Model–Based Testing of Cryptographic Protocols -- A General Name Binding Mechanism -- Types for Security in a Mobile World -- History-Based Access Control for Distributed Processes -- Programming Cryptographic Protocols -- A Framework for Analyzing Probabilistic Protocols and Its Application to the Partial Secrets Exchange -- A Formal Semantics for Protocol Narrations -- web ? at Work -- Concurrency Among Strangers -- The Modelling and Analysis of OceanStore Elements Using the CSP Dependability Library -- A Practical Formal Model for Safety Analysis in Capability-Based Systems -- Mixin Modules for Dynamic Rebinding -- A Distributed Object-Oriented Language with Session Types -- Engineering Runtime Requirements-Monitoring Systems Using MDA Technologies -- Automated Analysis of Infinite Scenarios -- Namespace Logic: A Logic for a Reflective Higher-Order Calculus -- Erratum.
|
| 650 |
|
0 |
|a Computer science.
|
| 650 |
|
0 |
|a Computer communication systems.
|
| 650 |
|
0 |
|a Software engineering.
|
| 650 |
|
0 |
|a Computer programming.
|
| 650 |
|
0 |
|a Programming languages (Electronic computers).
|
| 650 |
|
0 |
|a Operating systems (Computers).
|
| 650 |
1 |
4 |
|a Computer Science.
|
| 650 |
2 |
4 |
|a Software Engineering/Programming and Operating Systems.
|
| 650 |
2 |
4 |
|a Software Engineering.
|
| 650 |
2 |
4 |
|a Computer Communication Networks.
|
| 650 |
2 |
4 |
|a Programming Techniques.
|
| 650 |
2 |
4 |
|a Operating Systems.
|
| 650 |
2 |
4 |
|a Programming Languages, Compilers, Interpreters.
|
| 700 |
1 |
|
|a Nicola, Rocco De.
|e editor.
|
| 700 |
1 |
|
|a Sangiorgi, Davide.
|e editor.
|
| 710 |
2 |
|
|a SpringerLink (Online service)
|
| 773 |
0 |
|
|t Springer eBooks
|
| 776 |
0 |
8 |
|i Printed edition:
|z 9783540300076
|
| 830 |
|
0 |
|a Lecture Notes in Computer Science,
|x 0302-9743 ;
|v 3705
|
| 856 |
4 |
0 |
|u http://dx.doi.org/10.1007/11580850
|z Full Text via HEAL-Link
|
| 912 |
|
|
|a ZDB-2-SCS
|
| 912 |
|
|
|a ZDB-2-LNC
|
| 950 |
|
|
|a Computer Science (Springer-11645)
|